[Event "Djakovacki vezovi Open A"]
[Site "Djakovo CRO"]
[Date "2011.06.09"]
[Round "1.4"]
[White "Drazic,S"]
[Black "Pandurevic,M"]
[Result "1-0"]
[WhiteElo "2486"]
[BlackElo "2286"]

1.d4 Nf6 2.Bg5 e6 3.e4 Be7 4.Nd2 Nc6 5.c3 d6 6.Ngf3 e5 7.Bb5 Nd7 8.Be3 exd4
9.cxd4 O-O 10.Rc1 Nf6 11.h3 Bd7 12.Bd3 Nb4 13.Bb1 d5 14.e5 Ne4 15.a3 Nxd2
16.Nxd2 Nc6 17.Qb3 Bg5 18.Nf3 Bxe3 19.fxe3 Ne7 20.O-O Bf5 21.Rf2 Rb8 22.Kh2 c6
23.Bxf5 Nxf5 24.Rcf1 Qe7 25.Qd3 g6 26.Ng1 Ng7 27.Ne2 Qc7 28.Kg1 Rbe8 29.Nc3 f5
30.exf6 Nf5 31.Rxf5 gxf5 32.Qxf5 Qf7 33.e4 dxe4 34.Nxe4 Rb8 35.Rf4 Kh8 36.Rh4 Rg8
37.Ng5 Rxg5 38.Qxg5 Rg8 39.Qh5 Rg6 40.Rg4 Rxf6 41.Qe5 h6 42.Rf4 Kg7 43.g4 Kg6
44.Rxf6+ Qxf6 45.Qxf6+ Kxf6 46.Kf2 h5  1-0

[Event "Victorian Open"]
[Site "Melbourne AUS"]
[Date "2011.06.12"]
[Round "4"]
[White "Stead,K"]
[Black "Rujevic,M"]
[Result "0-1"]
[WhiteElo "2037"]
[BlackElo "2306"]

1.d4 Nf6 2.Bg5 e6 3.e4 h6 4.Bxf6 Qxf6 5.Nf3 c5 6.c3 cxd4 7.cxd4 Bb4+ 8.Nc3 Qg6
9.Bd3 O-O 10.O-O Qf6 11.e5 Qd8 12.Ne4 d5 13.Ng3 Bd7 14.Rc1 Nc6 15.Qe2 Be7
16.Rfd1 Bg5 17.Rc3 g6 18.Nf1 Kg7 19.Bb1 Be7 20.Ne3 Rc8 21.g3 Na5 22.Ne1 Qb6
23.N1g2 Rxc3 24.bxc3 Ba4 25.Re1 Qc7 26.c4 Nxc4 27.Ng4 h5 28.Nf4 Bg5 29.Nxh5+ gxh5
30.Nf6 Rh8 31.Nxh5+ Kf8 32.h4 Bd2 33.Rf1 Qb6 34.Nf6 Qxd4 35.Ng4 Rg8  0-1

[Event "Voronezh FIDE Open"]
[Site "Voronezh RUS"]
[Date "2011.06.12"]
[Round "1.36"]
[White "Chernyshova,N"]
[Black "Klimentov,Evgeny"]
[Result "1-0"]
[WhiteElo "2066"]
[BlackElo "1729"]

1.d4 Nf6 2.Bg5 e6 3.e4 Be7 4.e5 Nd5 5.Bxe7 Nxe7 6.Nf3 O-O 7.c4 b6 8.Bd3 Bb7
9.Qe2 f5 10.exf6 Rxf6 11.Nbd2 Nf5 12.Ne4 Rf8 13.O-O-O Nc6 14.Bb1 Ba6 15.Qc2 g6
16.h4 Ng7 17.Neg5 Qf6 18.h5 Qf4+ 19.Qd2 Qxd2+ 20.Rxd2 Nxh5 21.Nxh7 Kxh7 22.Rxh5+ Kg7
23.Rg5 Rf6 24.d5 exd5 25.Rdxd5 d6 26.b3 Ne7 27.Rd2 Bb7 28.Re2 Kf7 29.Nd4 d5
30.Rge5 Ng8 31.cxd5 Rd8 32.Be4 Ne7 33.Ne6 Rd7 34.Ng5+ Kg7 35.Rd2 Rfd6 36.Ne6+ Kf6
37.f4 Bxd5 38.Nf8 Rd8 39.Nh7+ Kf7 40.Ng5+ Kf6 41.Bxd5 Nxd5 42.Ne4+ Kg7 43.Nxd6 Rxd6
44.Rdxd5  1-0

[Event "28th BSG Pinkstertoernooi"]
[Site "Bussum NED"]
[Date "2011.06.13"]
[Round "7"]
[White "Van Renswoude,J"]
[Black "Van der Lende,I"]
[Result "0-1"]
[WhiteElo "2033"]
[BlackElo "2112"]

1.d4 Nf6 2.Bg5 e6 3.Nd2 h6 4.Bh4 c5 5.e3 Nc6 6.c3 cxd4 7.exd4 d6 8.Bb5 Bd7
9.Qe2 g5 10.Bg3 Qe7 11.Nc4 e5 12.dxe5 dxe5 13.Nxe5 Bg7 14.Nxd7 Nxd7 15.Qxe7+ Kxe7
16.O-O-O Nde5 17.Ne2 Rhd8 18.Nd4 Nxd4 19.cxd4 Nc6 20.Rhe1+ Kf8 21.d5 Nd4
22.Bd3 Rxd5 23.Kb1 Rad8 24.Be4 Rb5 25.Bd3 Rbd5 26.Be4 R5d7 27.f4 f5 28.Bd3 Nc6
29.Bc2 Rd2 30.Rxd2 Rxd2 31.fxg5 hxg5 32.Kc1 Rxg2 33.Bd6+ Kf7 34.Bxf5 Bxb2+
35.Kd1 Bc3 36.Re3 Ba5 37.Be6+ Kf6 38.Bg3 Rg1+ 39.Ke2 Bb6 40.Bc8 Bxe3 41.Kxe3 Rb1
42.h4 Ne7 43.hxg5+ Kxg5 44.Be6 Nf5+ 45.Bxf5 Kxf5 46.Bd6 Ke6 47.Bc5 b6 48.Bf8 Rd1
49.a3 Kd7 50.Bb4 Kc6 51.Ke2 Rd7 52.Bd2 Kb5  0-1

[Event "ODEM U25-A"]
[Site "Oberhof GER"]
[Date "2011.06.14"]
[Round "5.4"]
[White "Schirrmacher,C"]
[Black "Rudenok,T"]
[Result "0-1"]
[WhiteElo "2067"]
[BlackElo "1980"]

1.d4 Nf6 2.Bg5 e6 3.e4 h6 4.Bxf6 Qxf6 5.c3 d6 6.Bd3 b6 7.Ne2 Nd7 8.O-O Bb7
9.Nd2 Qd8 10.f4 Be7 11.Ng3 O-O 12.e5 dxe5 13.f5 Nc5 14.Bc4 exd4 15.fxe6 Nxe6
16.Rxf7 Kxf7 17.Qh5+ g6 18.Bxe6+ Kg7 19.Qe2 dxc3 20.bxc3 Bc5+ 21.Kh1 Qd6
22.Nc4 Qc6 23.Rd1 Rad8 24.Rxd8 Rxd8 25.Nh5+ Kh7 26.Nf6+ Kh8 27.Bd5 Rxd5 28.Nxd5 Qxd5
29.h3 Kg7 30.Ne5 Qe4 31.Qg4 Qxe5 32.Qd7+ Qe7 33.Qd2 Qf7 34.Qe2 Kh7 35.Qd3 Qf5  0-1

[Event "Voronezh FIDE Open"]
[Site "Voronezh RUS"]
[Date "2011.06.14"]
[Round "3.26"]
[White "Chernyshova,N"]
[Black "Aseeva,A"]
[Result "0-1"]
[WhiteElo "2066"]
[BlackElo "1909"]

1.d4 Nf6 2.Bg5 e6 3.e4 Be7 4.e5 Nd5 5.Bxe7 Qxe7 6.c4 Nb6 7.f4 d6 8.Nf3 c5
9.dxc5 dxc5 10.Nc3 Bd7 11.Ne4 Nc8 12.Qc2 Bc6 13.O-O-O Bxe4 14.Qxe4 Nc6 15.Bd3 Nb6
16.g4 O-O-O 17.Be2 h6 18.Qe3 Kc7 19.Nd2 Nd4 20.Ne4 Nc8 21.Bf1 Rd7 22.Bg2 Rhd8
23.Rd2 f5 24.exf6 gxf6 25.Rhd1 Nb6 26.b3 Kb8 27.Nc3 Qg7 28.h3 a5 29.Ne4 Qe7
30.a4 f5 31.Nf2 Qf6 32.Kb1 Qg7 33.Ka2 Qf7 34.Qe5+ Rc7 35.Nd3 Nd7 36.Qe3 b6
37.Ne5 Nxe5 38.Qxe5 Qd7 39.g5 hxg5 40.fxg5 Qd6 41.Qxd6 Rxd6 42.h4 Rg7 43.Rh1 Rd8
44.Kb2 Rh8 45.Kc3 Rgh7 46.g6 Rxh4 47.Rxh4 Rxh4 48.Bf3 Rh8 49.Rxd4 cxd4+ 50.Kxd4 Rh6
51.g7 Rg6 52.Ke5 Rxg7 53.Kxe6 Rg3 54.Bd5 f4  0-1

[Event "Voronezh FIDE Open"]
[Site "Voronezh RUS"]
[Date "2011.06.14"]
[Round "3.14"]
[White "Provkin,V"]
[Black "Sokolov,Y"]
[Result "1-0"]
[WhiteElo "2211"]
[BlackElo "1913"]

1.d4 Nf6 2.Bg5 e6 3.e4 Be7 4.Nd2 b6 5.Bd3 Bb7 6.Qe2 c5 7.Ngf3 d6 8.c4 Nbd7
9.e5 dxe5 10.dxe5 Nh5 11.Be3 g6 12.O-O-O Ng7 13.Be4 Qc7 14.g4 Nxe5 15.Bh6 O-O
16.h4 f5  1-0

[Event "Voronezh FIDE Open"]
[Site "Voronezh RUS"]
[Date "2011.06.17"]
[Round "6.10"]
[White "Provkin,V"]
[Black "Aseeva,A"]
[Result "1-0"]
[WhiteElo "2211"]
[BlackElo "1909"]

1.d4 Nf6 2.Bg5 e6 3.e4 Be7 4.Nd2 h6 5.Bxf6 Bxf6 6.c3 b6 7.e5 Be7 8.Qg4 g6
9.h4 h5 10.Qf4 Bb7 11.Ngf3 d6 12.O-O-O Nd7 13.Bb5 d5 14.Ng5 Bxg5 15.hxg5 c6
16.Bd3 Qe7 17.g4 h4 18.Nf3 h3 19.Rh2 O-O-O 20.Rdh1 a6 21.Rxh3 Rhg8 22.Rh7 Rdf8
23.a3 c5 24.Kd2 c4 25.Bc2 b5 26.R1h3 Qe8 27.Ne1 Kd8 28.Ng2 a5 29.Rf3 Qe7
30.Ke2 b4 31.axb4 axb4 32.Rxf7 Rxf7 33.Qxf7 Qxf7 34.Rxf7 b3 35.Bb1 Bc6 36.Nf4 Ke8
37.Rh7 Nf8 38.Rh6 Kf7 39.Ng2 Be8 40.f4 Bd7 41.Nh4 Bc8 42.Ng2 Bd7 43.Ne3 Rg7
44.Rh8 Be8 45.Kf3 Ke7 46.Kg3 Bf7 47.Kh4 Bg8 48.f5 Kf7 49.fxg6+ Nxg6+ 50.Bxg6+ Rxg6
51.Ng2 Kg7 52.Nf4 Kxh8 53.Nxg6+ Kg7 54.Nf4 Bf7 55.g6 Be8  1-0

[Event "49th National Challengers ch-IND"]
[Site "Aurangabad IND"]
[Date "2011.06.18"]
[Round "5"]
[White "Anilkumar,O"]
[Black "Swayams,M"]
[Result "1/2-1/2"]
[WhiteElo "2242"]
[BlackElo "2370"]

1.d4 Nf6 2.Bg5 e6 3.Nc3 d5 4.e4 Bb4 5.e5 h6 6.Bd2 Bxc3 7.bxc3 Ne4 8.Bd3 Nxd2
9.Qxd2 c5 10.f4 Nc6 11.Nf3 Qa5 12.c4 Qxd2+ 13.Kxd2 dxc4 14.Bxc4 Nxd4 15.Nxd4 cxd4
16.Kd3 Bd7 17.Kxd4 Bc6 18.Ke3 Rc8 19.Bd3 Ke7 20.Rhg1 Bd5 21.g3 Rc3 22.a3 Rhc8
23.Rgb1 b6 24.Kd2 R3c5 25.Rb4 R8c7 26.Rb5 R5c6 27.Rb4 Rc5 28.Rb5 Rxb5 29.Bxb5 Be4
30.Ra2 f6 31.exf6+ Kxf6 32.Rb2 g5 33.Bd3 Bxd3 34.fxg5+ hxg5 35.cxd3 g4 36.Rb4 Kf5
37.Rf4+ Kg5 38.Re4 Rh7 39.Re2 Kf5 40.d4 Rd7  1/2-1/2

[Event "1st Forni Open"]
[Site "Forni di Sopra ITA"]
[Date "2011.06.18"]
[Round "9"]
[White "Stamenkovic,Dr"]
[Black "Naumkin,I"]
[Result "1/2-1/2"]
[WhiteElo "2384"]
[BlackElo "2506"]

1.d4 Nf6 2.Bg5 e6 3.Nf3 c5 4.e3 Be7 5.c3 b6 6.Nbd2 Bb7 7.Bd3 Nc6 8.a3 O-O
9.O-O cxd4 10.cxd4 Nd5 11.Bxe7 Ncxe7 12.Nc4 d6 13.Qb3 Qd7 14.a4 Rad8 15.Ncd2 Ng6
16.a5 Ba8 17.axb6 axb6 18.Rfc1 Qe7 19.Bb5 Rc8 20.Qa4 Rxc1+ 21.Rxc1 h6 22.h3 Kh7
23.Qd1 e5 24.dxe5 dxe5 25.Bc6 Bxc6 26.Rxc6 e4 27.Nd4 Ne5 28.Nf5 Qg5 29.Rd6 Nb4
30.Nd4 Qh4 31.Nf5 Qg5 32.Nd4 Qh4  1/2-1/2

[Event "e2e4 Gatwick Open"]
[Site "London ENG"]
[Date "2011.06.18"]
[Round "2"]
[White "Ozanne,M2"]
[Black "Quillan,G"]
[Result "0-1"]
[WhiteElo "2020"]
[BlackElo "2399"]

1.d4 Nf6 2.Bg5 e6 3.e3 c5 4.c3 Be7 5.Nd2 cxd4 6.exd4 O-O 7.Ngf3 b6 8.Bd3 Bb7
9.Qc2 h6 10.Bxf6 Bxf6 11.O-O-O Nc6 12.Ne4 Nb4 13.Nxf6+ Qxf6 14.Qe2 Rfc8 15.Kb1 Nxd3
16.Qxd3 b5 17.Ne5 Qe7 18.h4 d6 19.Nf3 Rab8 20.g4 b4 21.cxb4 Bd5 22.g5 Qb7
23.Rh3 Be4  0-1

[Event "Voronezh FIDE Open"]
[Site "Voronezh RUS"]
[Date "2011.06.20"]
[Round "9.12"]
[White "Katkov,V"]
[Black "Kapustin,Alexandr"]
[Result "1/2-1/2"]
[WhiteElo "2091"]
[BlackElo "2228"]

1.d4 Nf6 2.Bg5 e6 3.e4 h6 4.Bxf6 Qxf6 5.Nf3 d5 6.Nc3 Bb4 7.e5 Qe7 8.Bd3 c5
9.a3 Bxc3+ 10.bxc3 b6 11.O-O Ba6 12.a4 Bxd3 13.cxd3 Nc6 14.dxc5 Qxc5 15.d4 Qe7
16.c4 Rd8 17.Rc1 dxc4 18.Rxc4 Na5 19.Rc3 O-O 20.Qc2 Rd7 21.Rc1 Rfd8 22.h3 Qb4
23.Rc7 Qe7 24.g3 Rxc7 25.Qxc7 Qd7 26.Rc3 Kf8 27.Kg2 Ke7 28.d5 exd5 29.Nd4 Qxc7
30.Rxc7+ Rd7 31.Nf5+ Kd8 32.Rxd7+ Kxd7 33.Nxg7 a6 34.Kf1 Nc4 35.f4 b5 36.axb5 axb5
37.Nf5 b4 38.Ke2 b3 39.Kd3 b2 40.Kc2 h5 41.Nd4 Ke7 42.Nc6+ Ke6 43.Nb4 d4
44.Nd3 Kf5 45.Nxb2 Nxb2 46.Kxb2 h4 47.gxh4 Kxf4 48.Kc2 Kxe5 49.Kd3 f5 50.h5 f4
51.h6 Kf6 52.Kxd4 Kg6 53.Ke4 Kxh6 54.Kxf4  1/2-1/2

[Event "Voronezh Master Open"]
[Site "Voronezh RUS"]
[Date "2011.06.21"]
[Round "9.14"]
[White "Vlasenko,M"]
[Black "Sergienko,S"]
[Result "1-0"]
[WhiteElo "2357"]
[BlackElo "2429"]

1.d4 Nf6 2.Bg5 e6 3.Nf3 h6 4.Bh4 b6 5.Nbd2 Bb7 6.e3 d6 7.Bd3 Nbd7 8.e4 g5
9.Bg3 Nh5 10.c3 Bg7 11.O-O O-O 12.Ne1 Nxg3 13.fxg3 c5 14.Nc2 Rc8 15.d5 Ne5
16.Nf3 Nxd3 17.Qxd3 exd5 18.exd5 Qd7 19.h4 c4 20.Qd2 Rc5 21.Ne3 f5 22.hxg5 hxg5
23.g4 f4 24.Qc2 Bf6 25.Qg6+ Qg7 26.Qxg7+ Bxg7 27.Nf5 Bf6 28.Nxd6 Bxd5 29.Rfe1 Rd8
30.Ne4 Bxe4 31.Rxe4 Kf7 32.Rae1 b5 33.a3 Rcd5 34.g3 fxg3 35.Kg2 a5 36.R1e2 Rc8
37.Kxg3 b4 38.axb4 axb4 39.cxb4 Rb5 40.Ne5+ Bxe5+ 41.Rxe5 Rxe5 42.Rxe5 c3
43.Rf5+ Ke6 44.bxc3 Rxc3+ 45.Rf3 Rc1 46.b5 Rg1+ 47.Kh3 Rh1+ 48.Kg2 Rb1 49.Rf5 Rb3
50.Rxg5 Kf6 51.Rf5+ Kg6 52.Kf2 Kh6 53.Ke2 Kg6 54.Rc5  1-0

[Event "49th National Challengers ch-IND"]
[Site "Aurangabad IND"]
[Date "2011.06.24"]
[Round "11"]
[White "Ram,S"]
[Black "Shyam,N"]
[Result "0-1"]
[WhiteElo "2293"]
[BlackElo "2412"]

1.d4 Nf6 2.Bg5 e6 3.e4 h6 4.Bxf6 Qxf6 5.Nc3 d6 6.Qd2 a6 7.f4 Nd7 8.Nf3 Qd8
9.d5 e5 10.g3 g6 11.O-O-O Bg7 12.h4 b5 13.h5 b4 14.Ne2 Qf6 15.f5 Nc5 16.hxg6 fxg6
17.Qxb4 gxf5 18.exf5 Bxf5 19.Nh4 Be4 20.Rg1 Qf2 21.Qe1 Qe3+ 22.Qd2 Qxd2+
23.Rxd2 Bf6 24.Nc3 Rb8 25.Bg2 Bxg2 26.Rdxg2 Bg5+ 27.Kb1 O-O 28.Re2 Rb4 29.a3 Rc4
30.Ka2 Kh7 31.Ng2 Rf3 32.Ne1 Rf7 33.Ng2 Rf3 34.Ne1 Re3 35.Rxe3 Bxe3 36.Rg2 Bg5
37.Nf3 Kg6 38.Nxg5 hxg5 39.Rh2 Rg4 40.b4 Nd7 41.Rh3 Nf6 42.Kb3 e4 43.a4 e3
44.a5 Ne4 45.Rh8 Nxc3 46.Kxc3 Re4 47.Rh1 Kf5 48.Kd3 Rxb4 49.Rh7 Re4 50.g4+ Kf4  0-1

[Event "35th ch-Gleisdorf"]
[Site "Gleisdorf AUT"]
[Date "2011.06.24"]
[Round "2"]
[White "Savio,A1"]
[Black "Degtiarev,E"]
[Result "0-1"]
[WhiteElo "2071"]
[BlackElo "2327"]

1.d4 Nf6 2.Bg5 e6 3.Nd2 h6 4.Bh4 c5 5.c3 Nc6 6.e3 d5 7.Bd3 g5 8.Bg3 Bd6 9.Ngf3 Rg8
10.e4 cxd4 11.cxd4 dxe4 12.Bxe4 Nxe4 13.Nxe4 Bb4+ 14.Nc3 g4 15.Ne5 Qxd4 16.O-O Bxc3
17.bxc3 Qxd1 18.Rfxd1 Nxe5 19.Bxe5 Bd7 20.Rd4 O-O-O 21.Bf6 Rde8 22.Rad1 Bc6
23.Kf1 Rg6 24.Bh4 e5 25.Rd6 Bb5+ 26.Ke1 Bc4 27.Rxg6 fxg6 28.Rd6 g5 29.Bg3 h5
30.f3 gxf3 31.gxf3 e4 32.Rd4 exf3+ 33.Kf2 Bxa2 34.Ra4 Bd5 35.Rxa7 Re2+ 36.Kf1 Bc4
37.Kg1 Rg2+ 38.Kh1 Rxg3  0-1

[Event "TCh-TUR 2011"]
[Site "Konya TUR"]
[Date "2011.06.29"]
[Round "2"]
[White "Kasimdzhanov,R"]
[Black "Spasov,V"]
[Result "1/2-1/2"]
[WhiteElo "2685"]
[BlackElo "2594"]

1.d4 Nf6 2.Bg5 e6 3.Nd2 c5 4.e3 cxd4 5.exd4 Be7 6.Ngf3 b6 7.Bd3 Bb7 8.O-O O-O
9.Re1 Nc6 10.c3 Nd5 11.Bxe7 Ncxe7 12.Bf1 Nf6 13.a4 Rb8 14.Ne5 Qc7 15.a5 bxa5
16.Qa4 Bc6 17.Qa3 Ng6 18.Nxc6 Qxc6 19.g3 a4 20.Reb1 Rb7 21.Nc4 Qc7 22.Qxa4 Rfb8
23.Qa3 Rb3 24.Qc5 Qxc5 25.dxc5 Ne4 26.c6 dxc6 27.Re1 Nf6 28.Rxa7 Nd5 29.Ra2 Nge7
30.Re2 g6 31.Rc2 c5 32.Ra5 R3b5 33.Ra6 R5b7 34.Bg2 Kg7 35.Rd2 Rc7 36.Kf1 Rbb7
37.Nd6 Rb8 38.Nc4 Rbb7 39.Nd6 Rb8 40.Ke1 h5 41.h4 Nf6 42.Nc4 Ned5 43.Ne5 Nb6
44.Kd1 Nfd5 45.Bf1 Kf6 46.Nc4 Nxc4 47.Bxc4 Nb6 48.Be2 Ke7 49.Kc1 Nd7 50.Ra4 Nb6
51.Ra5 Nd7 52.Kc2 Rcb7 53.Kb1 Rc7 54.Kc2 Rcb7 55.Kb1 Rc7  1/2-1/2

[Event "7th A Ermaka Memorial"]
[Site "Zaporizhzhia UKR"]
[Date "2011.06.29"]
[Round "6.21"]
[White "Kazakov,Maksym"]
[Black "Stolpovsky,S"]
[Result "1/2-1/2"]
[WhiteElo "1931"]
[BlackElo "2153"]

1.d4 Nf6 2.Bg5 e6 3.e4 Be7 4.Bd3 Nc6 5.c3 b6 6.Nf3 Bb7 7.Nbd2 O-O 8.e5 Nd5
9.Bxe7 Qxe7 10.O-O f6 11.exf6 Nxf6 12.Ne4 Nd8 13.Qc2 Nxe4 14.Bxe4 Bxe4 15.Qxe4 Nc6
16.d5 exd5 17.Qxd5+ Qf7 18.Rad1 Qxd5 19.Rxd5 d6 20.Re1 Rae8 21.Rdd1 h6 22.Kf1 Kf7
23.Rxe8 Rxe8 24.Nd4 Nxd4 25.Rxd4 a5 26.b3 Re7 27.f4 Ke8 28.Kf2 Kd7 29.c4 Re8
30.Rd3 Re4 31.g3 a4 32.Re3 Rd4 33.Ke2 axb3  1/2-1/2

[Event "TCh-TUR 2011"]
[Site "Konya TUR"]
[Date "2011.07.02"]
[Round "5"]
[White "Sirin,A"]
[Black "Salepci,O"]
[Result "1-0"]
[WhiteElo "2230"]
[BlackElo "2154"]

1.d4 Nf6 2.Bg5 e6 3.Nc3 d5 4.e4 Be7 5.e5 Nfd7 6.Bxe7 Qxe7 7.f4 O-O 8.Nf3 c5
9.Qd2 Nc6 10.dxc5 Nxc5 11.Bd3 Bd7 12.O-O f5 13.exf6 Qxf6 14.g3 Nxd3 15.Qxd3 Be8
16.Rf2 Bg6 17.Qb5 Rf7 18.Re1 Bf5 19.Qc5 Rc7 20.Nb5 Qe7 21.Qe3 Rcc8 22.c3 h6
23.Nbd4 Nxd4 24.Qxd4 Rc4 25.Qxd5 Qc7 26.Qe5 Rd8 27.Qxc7 Rxc7 28.Nd4 Bg4 29.Kg2 Rd5
30.h3 Bf5 31.g4 Bg6 32.Rxe6 Bf7 33.Re3 Ra5 34.a3 Bd5+ 35.Kg3 Bc4 36.f5 Ra6
37.Re5 Rb6 38.h4 Kf7 39.g5 hxg5 40.hxg5 Re7 41.Rxe7+ Kxe7 42.Kf4 Kf7 43.Nf3 Bb5
44.Ne5+ Ke7 45.Ng6+ Kf7 46.Rh2 Ke8 47.Rh8+ Kd7 48.Ne5+ Kd6 49.Rd8+ Ke7 50.Rg8 Ba4
51.Rxg7+ Kf8 52.f6 Be8 53.Rh7 Kg8 54.Re7 Kf8 55.Kf5 Rb5 56.g6  1-0

[Event "1st ch-CHN Rapid w Prelim"]
[Site "Hefei CHN"]
[Date "2011.07.05"]
[Round "9.2"]
[White "Tan Zhongyi"]
[Black "Zhai Mo"]
[Result "1/2-1/2"]
[WhiteElo "2396"]
[BlackElo "2198"]

1.d4 Nf6 2.Bg5 e6 3.Nf3 h6 4.Bh4 c5 5.e3 Nc6 6.Nbd2 cxd4 7.exd4 Be7 8.c3 b6
9.Bd3 Bb7 10.O-O O-O 11.Qe2 Nd5 12.Bg3 f5 13.h3 Qe8 14.Nc4  1/2-1/2

[Event "Open ch-SVK A"]
[Site "Banska Stiavnica SVK"]
[Date "2011.07.10"]
[Round "2"]
[White "Markos,J"]
[Black "Leniart,A"]
[Result "0-1"]
[WhiteElo "2585"]
[BlackElo "2455"]

1.d4 Nf6 2.Bg5 e6 3.Nf3 d5 4.e3 Nbd7 5.Nbd2 h6 6.Bh4 Be7 7.Bd3 O-O 8.O-O b6
9.Ne5 Nxe5 10.dxe5 Nd7 11.Bxe7 Qxe7 12.f4 Nc5 13.Rf3 f5 14.Nb3 Nxb3 15.axb3 a5
16.Qe2 Bb7 17.g4 fxg4 18.Rg3 h5 19.h3 d4 20.hxg4 Qh4 21.Qh2 Qxh2+ 22.Kxh2 dxe3
23.f5 hxg4 24.Rxg4 Rxf5 25.Bxf5 exf5 26.Rc4 c5 27.Re1 Be4 28.Rxe3 Kf7 29.Kg3 Ke6
30.Rcxe4 fxe4 31.Rxe4 Rd8 32.Rg4 Kxe5 33.Rxg7 Rd2 34.Rb7 Rxc2 35.Rxb6 Rxb2
36.Rb5 Kd4 37.Kf3 Ra2 38.Rb8  0-1

[Event "Myrhorod Open A"]
[Site "Myrhorod UKR"]
[Date "2011.07.11"]
[Round "4.9"]
[White "Anatskiy,A"]
[Black "Bilokha,S"]
[Result "0-1"]
[WhiteElo "1998"]
[BlackElo "2218"]

1.d4 Nf6 2.Bg5 e6 3.e4 h6 4.Bxf6 Qxf6 5.Qd2 Nc6 6.e5 Qe7 7.Nf3 b6 8.Nc3 Bb7
9.O-O-O O-O-O 10.Bb5 d6 11.Qe2 d5 12.Kb1 Na5 13.Ba6 Kb8 14.Nd2 Bxa6 15.Qxa6 c6
16.f4 g6 17.g4 Qb4 18.Qd3 h5 19.f5 hxg4 20.fxg6 Rh3 21.a3 Qe7 22.Qe2 Bh6
23.Na2 Bxd2 24.Rxd2 Nc4 25.Rd3 fxg6 26.Qxg4 Rh6 27.Nb4 Kb7 28.c3 Rf8 29.Nc2 Rf2
30.Rg3 Nd2+ 31.Kc1 Ne4 32.Rgg1 g5 33.h4 Rf4 34.Qg2 Rhxh4 35.Rxh4 gxh4 36.Ne1 Ng3
37.Nf3 Re4 38.Re1 Qh7 39.Rxe4 Qxe4 40.Qf2 Qf4+ 41.Kc2 h3 42.Kb3 Ne4 43.Qe2 Qxf3  0-1

[Event "8th South Wales Int"]
[Site "Penarth WLS"]
[Date "2011.07.11"]
[Round "5.22"]
[White "Martyn,R"]
[Black "Lee,GK"]
[Result "1-0"]
[WhiteElo "2264"]
[BlackElo "1622"]

1.d4 Nf6 2.Bg5 e6 3.e4 Be7 4.Nc3 h6 5.Bxf6 Bxf6 6.f4 d5 7.Nf3 a6 8.Bd3 Nc6
9.e5 Be7 10.a3 b5 11.Qd2 Bb7 12.O-O Na5 13.b4 Nc4 14.Qf2 a5 15.Ra2 Bc6 16.f5 axb4
17.axb4 Bxb4 18.Rxa8 Qxa8 19.Ne2 exf5 20.Bxf5 Bd2 21.Qg3 Be3+ 22.Kh1 O-O
23.Qg4 Qd8 24.h4 Bd2 25.Nxd2 Nxd2 26.Rd1 Nc4 27.Rd3 Kh8 28.Nf4 Nb6 29.Rg3 Rg8
30.Ng6+ Kh7 31.Nf8+ Kh8 32.Ng6+ Kh7 33.Ne7+ g6 34.Nxg8 Qxg8 35.h5 Be8 36.e6  1-0

[Event "3rd International Open"]
[Site "Rethymno GRE"]
[Date "2011.07.11"]
[Round "1"]
[White "Yarur Elsaca,D"]
[Black "Georgiadis,I"]
[Result "0-1"]
[WhiteElo "1727"]
[BlackElo "2464"]

1.d4 Nf6 2.Bg5 e6 3.e4 h6 4.Bxf6 Qxf6 5.e5 Qd8 6.Nf3 d5 7.Bd3 c5 8.c3 Nc6
9.O-O Qb6 10.Na3 c4 11.Bc2 Qxb2 12.Nb5 Qxb5 13.Nd2 Qa5 14.f4 Qxc3 15.Rf3 Qxd4+
16.Kh1 Bb4 17.Qb1 Qxd2 18.Rf1 Bc3 19.Rd1 Qe3 20.f5 Bxa1 21.f6 Qxe5 22.Re1 Qxf6
23.Rf1 Qb2 24.Qd1 O-O 25.Rf2 Qd4 26.Rd2 Qf6  0-1

[Event "ch-Central Serbia Int Open A"]
[Site "Paracin SRB"]
[Date "2011.07.12"]
[Round "5.45"]
[White "Zekaj,D"]
[Black "Kalinic,D"]
[Result "0-1"]
[WhiteElo "2120"]
[BlackElo "2009"]

1.d4 Nf6 2.Bg5 e6 3.Nd2 h6 4.Bh4 Be7 5.Ngf3 b6 6.e4 d6 7.Bd3 Bb7 8.Qe2 c5
9.c3 Nc6 10.O-O cxd4 11.cxd4 O-O 12.Rac1 Nb4 13.Bb1 Ba6 14.Qe3 Bxf1 15.Rxf1 Ng4
16.Qf4 Bxh4 17.Qxg4 Bg5 18.a3 Bxd2 19.Nxd2 Nc6 20.e5 d5 21.h4 f5 22.exf6 Qxf6
23.Nf3 Rae8 24.Ne5 Nxe5 25.dxe5 Qxe5 26.Qg6 Qf6 27.Qh7+ Kf7 28.h5 Rc8 29.b4 Rc3
30.a4 Rfc8 31.Bg6+ Ke7 32.a5 Rc1 33.Bd3 Rxf1+ 34.Bxf1 Rc1 35.axb6 axb6 36.Qd3 Qa1
37.g4 e5 38.Kg2 Rxf1  0-1

[Event "III Corporation Cup A"]
[Site "Izhevsk RUS"]
[Date "2011.07.16"]
[Round "2"]
[White "Chernyuk,Mikhail"]
[Black "Balashov,Y"]
[Result "1/2-1/2"]
[WhiteElo "2263"]
[BlackElo "2440"]

1.d4 Nf6 2.Bg5 e6 3.Nd2 h6 4.Bh4 c5 5.e3 b6 6.Qf3 Nc6 7.Ne4 Be7 8.Nxf6+ Bxf6
9.Bxf6 Qxf6 10.Qxf6 gxf6 11.c3 Bb7 12.Nf3 Ke7 13.Be2 Rhg8 14.Rg1 Rac8 15.O-O-O cxd4
16.exd4 Na5 17.g3 Nc4 18.Nd2 Nd6 19.Bd3 f5 20.Kb1 Rg4 21.Rde1 Kf6 22.Be2 Rgg8
23.Bd3 Bd5 24.Rc1 Nc4 25.Nxc4 Bxc4 26.Bxc4 Rxc4 27.Kc2 d5 28.Kd3 b5 29.Rc2 Ra4
30.a3 h5 31.Ke3 Ra6 32.Rcc1 Rc6 33.Kd3 a5 34.h4 Ke7 35.Ke3 f6 36.f4 Kd6 37.Kd3 Rc7
38.Rg2 Rcg7 39.Rcg1 Rc8 40.Ke3 Rb7  1/2-1/2

[Event "III Corporation Cup A"]
[Site "Izhevsk RUS"]
[Date "2011.07.16"]
[Round "2"]
[White "Kalmachevskikh,V"]
[Black "Nakhapetiane,P"]
[Result "0-1"]
[WhiteElo "2293"]
[BlackElo "2517"]

1.d4 Nf6 2.Bg5 e6 3.Nd2 h6 4.Bh4 c5 5.e3 cxd4 6.exd4 b6 7.Ne4 Be7 8.Nxf6+ Bxf6
9.Bxf6 Qxf6 10.Qf3 Nc6 11.Qxf6 gxf6 12.c3 Bb7 13.Nf3 Rg8 14.O-O-O Rc8 15.Ne1 a6
16.Rg1 b5 17.a3 Na5 18.Nc2 Nb3+ 19.Kb1 Bf3 20.Rd3 Be4 21.Rd1 Ke7 22.g3 d5
23.Bg2 Bf5 24.Rge1 Kd6 25.Re2 Na5 26.Ka2 Nc4 27.Ne3 Bh7 28.Ree1 a5 29.Bf1 Rc7
30.Bd3 Bxd3 31.Rxd3 Nb6 32.Nc2 h5 33.Rf3 f5 34.Ne3 Ra8 35.Nd1 b4 36.Re2 Ra6
37.Rd3 bxa3 38.Kxa3 Nc4+ 39.Ka2 a4 40.Rf3 Rb7 41.Ne3 Rb3 42.Rc2 Rab6 43.Nxc4+ dxc4
44.Re3 a3 45.h3 Ra6 46.Kb1 f6 47.Rce2 Kd5 48.f3 Rab6 49.Ka2 Rxb2+ 50.Rxb2 axb2
51.Kb1 e5 52.dxe5 fxe5 53.g4 hxg4 54.hxg4 fxg4 55.fxg4 e4 56.g5 Ke5 57.Rg3 Kf4
58.Rg1 e3 59.g6 e2 60.g7 Rg6 61.g8=Q Rxg8 62.Rxg8 e1=Q+ 63.Kxb2 Qd2+ 64.Kb1 Qd1+
65.Kb2 Qb3+ 66.Ka1 Qxc3+ 67.Kb1 Qb4+ 68.Kc1 c3 69.Rg2 Kf3 70.Rc2 Qa5 71.Kb1 Qb5+
72.Ka2 Qb4 73.Ka1 Ke3 74.Rh2 Qa4+  0-1

[Event "15th Battle of Senta Open"]
[Site "Senta SRB"]
[Date "2011.07.16"]
[Round "1.21"]
[White "Bogdan,H"]
[Black "Dudukovic,N"]
[Result "0-1"]
[WhiteElo "1880"]
[BlackElo "2251"]

1.d4 Nf6 2.Bg5 e6 3.e4 h6 4.Bxf6 Qxf6 5.c3 d5 6.Nd2 c5 7.Ngf3 cxd4 8.e5 Qd8
9.Nxd4 Nc6 10.f4 Qb6 11.N2b3 Bd7 12.Be2 a5 13.a4 Nxd4 14.Nxd4 Bc5 15.Qd2 O-O
16.O-O Rfc8 17.Kh1 Bxd4 18.cxd4 Qb4 19.Qxb4 axb4 20.b3 Rc3 21.Rab1 Rac8 22.Rfd1 Re3
23.Rb2 Rcc3 24.Rdb1 Re4 25.Rd2 Rce3 26.Bf1 Rxf4 27.Kg1 Rc3 28.Bd3 Kf8 29.Bc2 f6
30.Re1 Ke7 31.Ree2 b6 32.Re1 Bc8 33.Ree2 Ba6 34.Rf2 Re4 35.h3 Re1+ 36.Kh2 fxe5  0-1

[Event "10th Bergamo Open"]
[Site "Bergamo ITA"]
[Date "2011.07.17"]
[Round "5.8"]
[White "Gromovs,S"]
[Black "Bodiroga,P"]
[Result "0-1"]
[WhiteElo "2303"]
[BlackElo "2395"]

1.d4 Nf6 2.Bg5 e6 3.Nf3 h6 4.Bh4 c5 5.e3 b6 6.Be2 Be7 7.O-O O-O 8.c4 Bb7
9.Nc3 cxd4 10.Nxd4 a6 11.Bf3 Qc8 12.Rc1 d6 13.b3 Nbd7 14.Bxb7 Qxb7 15.f4 Rac8
16.g4 Rc7 17.g5 Nh7 18.gxh6 Bxh4 19.hxg7 Re8 20.Rf3 f5 21.Rh3 Nc5 22.Qh5 Rxg7+
23.Rg3 Bxg3 24.Qxe8+ Nf8 25.Nd5 Bxf4+ 26.Kf1 Be5 27.b4 Bxd4 28.bxc5 bxc5
29.exd4 exd5  0-1

[Event "2nd Girona Open"]
[Site "Girona ESP"]
[Date "2011.07.21"]
[Round "8"]
[White "Mundet Riera,Jo"]
[Black "Gimenez Aguirre,Ismael Alejo"]
[Result "0-1"]
[WhiteElo "1875"]
[BlackElo "1712"]

1.d4 Nf6 2.Bg5 e6 3.e4 Be7 4.e5 Nd5 5.Bd2 c5 6.c4 Nc7 7.Qg4 g6 8.Nf3 Nc6
9.dxc5 Na6 10.Bd3 Nxc5 11.Bc2 Qb6 12.b3 Nb4 13.Bxb4 Qxb4+ 14.Nbd2 Qc3 15.Rc1 Nd3+
16.Ke2 Nxc1+ 17.Rxc1 Ba3 18.Kd1 Bxc1 19.Kxc1 Qa1+ 20.Bb1 Qc3+ 21.Bc2 f5 22.Qh4 Qb4
23.g4 Qe7 24.Qg3 b6 25.Nd4 a6 26.Kb2 Bb7 27.h4 Qc5 28.Qf4 Rf8 29.h5 g5 30.Qe3 f4
31.Qc3 Qxe5 32.Bxh7 O-O-O 33.Kc2 f3 34.Qd3 Rf4 35.N4xf3 Bxf3 36.Nxf3 Qf6
37.Qd6 Rxf3 38.Qxb6 Rxf2+ 39.Kd3 Qf3+ 40.Kd4 e5+  0-1

[Event "4th Paleohora Open"]
[Site "Paleochora GRE"]
[Date "2011.07.22"]
[Round "4"]
[White "Gogolis,A"]
[Black "Georgiadis,I"]
[Result "0-1"]
[WhiteElo "2261"]
[BlackElo "2464"]

1.d4 Nf6 2.Bg5 e6 3.e4 h6 4.Bxf6 Qxf6 5.c3 d5 6.Nd2 c5 7.Ngf3 Nc6 8.dxc5 Bxc5
9.Bd3 O-O 10.O-O Bb6 11.Qe2 Bd7 12.Rfe1 Rac8 13.Rad1 Rfd8 14.h3 a6 15.exd5 exd5
16.Bb1 g6 17.Nb3 Re8 18.Qd3 Bf5 19.Qd2 Bxh3 20.Nfd4 Bg4 21.f3 Bd7 22.Qxh6 Rxe1+
23.Rxe1 Nxd4 24.Nxd4 Bxd4+ 25.cxd4 Qxd4+ 26.Kh2 Qf6 27.Qd2 Kg7 28.Rd1 Be6
29.Kg3 Rc4 30.Kf2 Qh4+ 31.Kg1 Rc8 32.Qf2 Qf4 33.g3 Qf6 34.Kg2 Rd8 35.Qd4 Qxd4
36.Rxd4 Kf6 37.f4 Rc8 38.Rd2 Ke7 39.Bc2 Kd6 40.Kf2 Rh8 41.a3 a5 42.Bb3 Rh2+
43.Ke3 Rh1 44.Rd1 Rh3  0-1